000 00325 a2200157 4500
001 190183
020 _a85-87042-20-3
040 _cMagnum
100 _aCastro, Ricardo Gomes Ribeiro de
240 1 0 _aEduarda
_lpor
245 1 0 _aEduarda
300 _a24
362 0 _a1999
697 _aLITERATURA INFANTO
942 _cBK
999 _c190183
_d190183